00840nam a2200205 a 450000100100000000500170001000800410002702000180006804000250008610000380011124501390014926000440028830000360033250000210036850400320038950000700042150400730049170000340056471000360059800004310120201002040635.0140219s2011 sp ac 000 0 spa d a9788497816526 aDO-SdBNPbspacBNPHU1 aGorrochategui Santos, Luisd1960-10aContra Armada :bla mayor catátrofe naval de la historia de Inglaterra /cLuis Gorrochategui Santos ; prólogo José Cervera Pery. a[s.l.] :bMinisterio de Defensa,c2011. a433 p. :bil., retrs. ;c24 cm. aIncluye índice aBibliografía : p. 429-433 aIncluye datos biográficos del autor en la solapa de la cubierta aIncluye referencias bibliográficas y notas al pie de las páginas1 aCervera Pery, Joséepról.2 aEspañabMinisterio de Defensa